[Event "Abu Dhabi Festival Open"]
[Site "Abu Dhabi UAE"]
[Date "2009.08.17"]
[Round "6"]
[White "El Arousy,A"]
[Black "Sanal,V"]
[Result "1/2-1/2"]
[WhiteElo "2295"]
[BlackElo "1976"]

1.d4 Nf6 2.Bg5 Ne4 3.Bf4 c5 4.f3 Nf6 5.d5 Nh5 6.Be3 e5 7.Nc3 d6 8.Bf2 g6
9.Qd2 Bg7 10.g4 Nf6 11.h4 Na6 12.h5 Nc7 13.a4 b6 14.e4 a6 15.Be3 gxh5 16.g5 Nd7
17.Nge2 Rg8 18.Rxh5 Nf8 19.Ng3 Bh8 20.Bh3 Bxh3 21.Rxh3 b5 22.Nf5 b4 23.Nd1 Qd7
24.b3 Rg6 25.Nb2 Rb8 26.Nc4 Kd8 27.O-O-O Kc8 28.Ncxd6+ Rxd6 29.Bxc5 Rxd5
30.Qxd5 Nxd5 31.Rxd5 Qe6 32.Bxf8 Kb7 33.Rh6 Rxf8 34.Rxe6 fxe6 35.Rd7+ Kc8
36.Ra7 Kb8 37.Rxh7 exf5 38.exf5 e4 39.fxe4 Be5 40.Kd1 Rd8+ 41.Ke2 Rc8 42.Kf3 Rxc2
43.f6 Rc1 44.Re7 Rf1+ 45.Kg4 Rf4+ 46.Kh5 Bxf6 47.gxf6 Rxf6 48.e5 Rf3 49.e6 Kc8
50.Ra7 Kd8 51.Rxa6 Rxb3 52.Kg5 Ke7 53.Kf5 Rf3+ 54.Ke5 Re3+ 55.Kf5 Re1 56.Rb6 Rf1+
57.Ke5 Re1+ 58.Kd5 Rd1+ 59.Kc4 b3 60.a5 Ra1 61.Kxb3 Rxa5  1/2-1/2

[Event "2nd WCT GM"]
[Site "Moscow RUS"]
[Date "2009.08.17"]
[Round "9"]
[White "Bagirov,R"]
[Black "Savina,A"]
[Result "1/2-1/2"]
[WhiteElo "2467"]
[BlackElo "2382"]

1.d4 Nf6 2.Bg5 Ne4 3.Bf4 c5 4.f3 Qa5+ 5.c3 Nf6 6.Nd2 cxd4 7.Nb3 Qd8 8.cxd4 d5
9.e3 Bf5 10.g4 Bd7 11.Ne2 Bb5 12.Bg2 e6 13.Nc3 Bb4 14.Rc1 Ba6 15.a3 Be7 16.Nc5 Bxc5
17.dxc5 O-O 18.Bd6 Ne8 19.Bg3 b6 20.f4 bxc5 21.Nxd5 exd5 22.Qxd5 Nd6 23.Qxa8 Qa5+
24.Rc3 Nb5 25.Kf2 Nd7 26.Qf3 Nxc3 27.bxc3 Qxc3 28.Re1 Qxa3 29.e4 Qxf3+ 30.Bxf3 Bd3
31.Ke3 c4 32.Ra1 Rc8 33.Be1 Rc7 34.Ba5 Rb7 35.e5 Rb3 36.Bc7 Nc5 37.Bd5 Be4+
38.Kd4 Bxd5 39.Kxd5 Ne6 40.Rxa7 h5 41.Kxc4 Rb1 42.Bd6 Nxf4 43.gxh5 Nxh5 44.Ra2 Rd1
45.Kc5 Nf4 46.Kc6 Re1  1/2-1/2

[Event "Open A"]
[Site "Panevezys LTU"]
[Date "2009.08.18"]
[Round "2"]
[White "Giedraityte,A"]
[Black "Dainauskas,J"]
[Result "0-1"]
[WhiteElo "1749"]
[BlackElo "1938"]

1.d4 Nf6 2.Bg5 Ne4 3.Bf4 c5 4.f3 Nf6 5.dxc5 Qa5+ 6.Nc3 Qxc5 7.e4 d6 8.Qd2 Bd7
9.O-O-O a6 10.Be3 Qc7 11.Nge2 b5 12.Nf4 e6 13.g4 Bc6 14.g5 Nfd7 15.a3 Ne5
16.Qf2 Nbd7 17.Bh3 Nc4 18.Nd3 Ndb6 19.f4 d5 20.Bxb6 Nxb6 21.exd5 Nxd5 22.Bg2 Nxc3
23.bxc3 Bxa3+ 24.Kb1 Bxg2 25.Qxg2 Rc8 26.f5 Qc6 27.Qe2 O-O 28.f6 Qxc3 29.h4 Rc4
30.fxg7 Rb4+  0-1

[Event "24th Open"]
[Site "Schwarzach AUT"]
[Date "2009.08.19"]
[Round "5"]
[White "Medancic,R"]
[Black "Chin,K"]
[Result "1-0"]
[WhiteElo "2261"]
[BlackElo "2101"]

1.d4 Nf6 2.Bg5 Ne4 3.Bf4 c5 4.f3 Qa5+ 5.c3 Nf6 6.Nd2 cxd4 7.Nb3 Qb6 8.Qxd4 Nc6
9.Qxb6 axb6 10.Nd4 e5 11.Nxc6 exf4 12.Nd4 Nd5 13.e4 fxe3 14.Bc4 Nc7 15.Ke2 Bc5
16.Kxe3 b5 17.Bb3 O-O 18.Ne2 Re8+ 19.Kd3 b4 20.cxb4 Bxb4 21.a3 Be7 22.Nc3 Ne6
23.Nd5 Bg5 24.g3 Nc5+ 25.Kc2 Nxb3 26.Kxb3 Ra5 27.Rhe1 Kf8 28.Rxe8+ Kxe8 29.Kc4 b6
30.Nb5 Ba6 31.Nc7+ Kd8 32.b4 Bxb5+ 33.Nxb5 Ra8 34.Nd6 Ke7 35.Kd5 Bd2 36.Ra2 Bc3
37.Nc4 b5 38.Nd6 Rb8 39.Rc2 Bf6 40.Rc8 Rxc8 41.Nxc8+  1-0

[Event "24th Open"]
[Site "Tetevan BUL"]
[Date "2009.08.20"]
[Round "8"]
[White "Stojanov,A"]
[Black "Janakiev,I"]
[Result "0-1"]
[WhiteElo "2101"]
[BlackElo "2232"]

1.d4 Nf6 2.Bg5 Ne4 3.Bf4 d5 4.Nd2 e6 5.f3 Nf6 6.e4 dxe4 7.Nxe4 Be7 8.Nxf6+ Bxf6
9.c3 O-O 10.Qd2 b6 11.O-O-O Ba6 12.Bxa6 Nxa6 13.Ne2 c6 14.Ng3 Nc7 15.Nh5 Be7
16.h4 Ne8 17.g4 Qd5 18.Qd3 Qxa2 19.Kc2 Qa4+ 20.Kb1 Rd8 21.Qe3 Qb3 22.Qe4 Rd5
23.Qc2 Qxc2+ 24.Kxc2 Rd7 25.c4 g6 26.Ng3 Bd6 27.Bxd6 Nxd6 28.b3 Rfd8 29.f4 Ne8
30.Kc3 c5 31.d5 exd5 32.Rxd5 Rxd5 33.cxd5 Nf6  0-1

[Event "Open A"]
[Site "Panevezys LTU"]
[Date "2009.08.22"]
[Round "8"]
[White "Giedraityte,A"]
[Black "Zebelis,R"]
[Result "0-1"]
[WhiteElo "1749"]
[BlackElo "1982"]

1.d4 Nf6 2.Bg5 Ne4 3.h4 c5 4.c3 Qb6 5.Qc2 d5 6.f3 Ng3 7.Rh2 Bf5 8.dxc5 Qxc5
9.Qa4+ Nc6 10.Nh3 e5 11.Nd2 f6 12.Nb3 Qb6 13.Bd2 Be7 14.e3 Nxf1 15.Kxf1 Bd3+
16.Ke1 f5 17.Nf2 Bb5  0-1

[Event "XXVI Open A"]
[Site "Collado Villalba ESP"]
[Date "2009.08.24"]
[Round "4"]
[White "Solaesa Navalpotro,L"]
[Black "Luna Hermoso,A"]
[Result "1-0"]
[WhiteElo "2223"]
[BlackElo "2115"]

1.d4 Nf6 2.Bg5 Ne4 3.Bf4 e6 4.e3 Bd6 5.Bxd6 Nxd6 6.c4 f5 7.Nc3 O-O 8.Bd3 b6
9.Nge2 Bb7 10.O-O Qh4 11.f3 Qh6 12.f4 Na6 13.Qa4 c5 14.Qxd7 Rad8 15.Qa4 Nb4
16.Qd1 cxd4 17.exd4 e5 18.dxe5 Ne4 19.Nd5 Nxd5 20.cxd5 Bxd5 21.Qe1 Nc5 22.Bb1 Ne6
23.a3 g5 24.fxg5 Qxg5 25.Qg3 Qxg3 26.Nxg3 f4 27.Nh5 Bc4 28.Rc1 Bb3 29.Nf6+ Kg7
30.Bc2 Bxc2 31.Rxc2 Rxf6 32.exf6+ Kxf6 33.Rc6 Kf5 34.Re1 Nd4 35.Rc7 a5 36.Rf7+ Kg5
37.Re5+ Kg4 38.Rg7+ Kh4 39.Rxh7+ Kg4 40.h3+ Kg3 41.Rg5+  1-0

[Event "XXVI Open A"]
[Site "Collado Villalba ESP"]
[Date "2009.08.25"]
[Round "5"]
[White "Gordillo,M"]
[Black "Cano Mercado,F"]
[Result "1-0"]
[WhiteElo "1988"]
[BlackElo "1920"]

1.d4 Nf6 2.Bg5 Ne4 3.Bf4 e6 4.Nd2 Bd6 5.Bxd6 Nxd6 6.e4 O-O 7.Bd3 f5 8.e5 Nf7
9.g4 Nh6 10.h3 b6 11.Qf3 Nc6 12.Qg2 Bb7 13.g5 Na5 14.Ngf3 Nf7 15.g6 hxg6
16.Qxg6 Nh8 17.Qg3 Qe7 18.Rg1 c5 19.dxc5 bxc5 20.O-O-O Nc6 21.Nc4 Nb4 22.a3 Nxd3+
23.Rxd3 Ba6 24.Nfd2 Rab8 25.Qf4 Rf7 26.Rdg3 g6 27.Nd6 Rh7 28.Nf3 Be2 29.Ng5 Rg7
30.Rc3 Qd8 31.Qe3 Bb5 32.Qxc5 a6 33.f4 Re7 34.Rb3 Re8 35.Nxe8 Qxe8 36.Rc3 Bc6
37.Rd1 Nf7 38.Nxf7 Qxf7 39.Qa7 Ra8 40.Qc7 Bb5 41.Rg3 Kh7 42.Rdg1 Rg8 43.c4 Bc6
44.Qb6 Ra8 45.b4 Be4 46.Kb2 Rc8 47.Qxa6 Rc6 48.Qa7 Rxc4 49.Rc1 Rxc1 50.Kxc1 Bc6
51.Qc5 Qg7 52.b5 Bd5 53.Qd6 Qf7 54.Kb2 Qe8 55.a4 Qc8 56.Qe7+  1-0

[Event "43rd Open"]
[Site "Mislata ESP"]
[Date "2009.08.25"]
[Round "2"]
[White "Gomez Ledo,R"]
[Black "Gerona Maura,J"]
[Result "1-0"]
[WhiteElo "2404"]
[BlackElo "2071"]

1.d4 Nf6 2.Bg5 Ne4 3.Bf4 c5 4.f3 Qa5+ 5.c3 Nf6 6.d5 Qb6 7.Bc1 e6 8.e4 exd5
9.exd5 d6 10.c4 Bf5 11.Bd3 Bxd3 12.Qxd3 Nbd7 13.f4 Be7 14.Nf3 O-O 15.O-O Rfe8
16.Nc3 Bf8 17.Rb1 g6 18.Kh1 Bg7 19.Be3 Re7 20.Bg1 Rae8 21.b4 Ng4 22.Nd1 Qc7
23.a3 b6 24.h3 Ngf6 25.Bh2 cxb4 26.axb4 Re4 27.Nd4 Nxd5 28.Nb5 Qxc4 29.Qxc4 Rxc4
30.Nxd6 Rec8 31.Nxc8 Rxc8 32.Nf2 Bc3 33.Rfd1 N7f6 34.b5 Re8 35.Ng4 Nxg4 36.hxg4 Nf6
37.Rd3 Be1 38.g5 Ne4 39.Rxe1  1-0

[Event "XXVI Open A"]
[Site "Collado Villalba ESP"]
[Date "2009.08.28"]
[Round "8"]
[White "Gordillo,M"]
[Black "Martinez de Miguel,P"]
[Result "0-1"]
[WhiteElo "1988"]
[BlackElo "2163"]

1.d4 Nf6 2.Bg5 Ne4 3.Bf4 c5 4.f3 Qa5+ 5.c3 Nf6 6.d5 d6 7.e4 g6 8.Na3 Nbd7
9.Nc4 Qc7 10.a4 Bg7 11.g4 O-O 12.Ne2 Nb6 13.Ng3 Nfd7 14.h4 Nxc4 15.Bxc4 Ne5
16.Be2 c4 17.Qd2 Re8 18.h5 e6 19.Bh6 Bh8 20.hxg6 fxg6 21.Kf1 exd5 22.exd5 b6
23.Kg2 Bb7 24.Rae1 Rac8 25.f4 Nf7 26.Bf3 Nxh6 27.Rxh6 Bg7 28.Rhh1 Qd7 29.f5 Rxe1
30.Rxe1 Be5 31.fxg6 hxg6 32.Qg5 Qg7 33.Rh1 Rf8 34.Qd2 Bxg3  0-1

[Event "2nd Bolivar Open"]
[Site "Buenos Aires ARG"]
[Date "2009.08.30"]
[Round "6"]
[White "Filgueira,H"]
[Black "Pierrot,Fac"]
[Result "1/2-1/2"]
[WhiteElo "2355"]
[BlackElo "2424"]

1.d4 Nf6 2.Bg5 Ne4 3.Bf4 c5 4.f3 Qa5+ 5.c3 Nf6 6.Nd2 cxd4 7.Nb3 Qd8 8.cxd4 d5
9.e3 e6 10.Bd3 Nc6 11.Ne2 Bd6 12.Bxd6 Qxd6 13.f4 O-O 14.O-O b6 15.Nc3 Bd7
16.Rc1 Ne7 17.Qe2 Rac8  1/2-1/2

[Event "II Open"]
[Site "Sabadell ESP"]
[Date "2009.09.03"]
[Round "3"]
[White "Rojas Keim,L"]
[Black "Gomez Jurado,L"]
[Result "1/2-1/2"]
[WhiteElo "2443"]
[BlackElo "2287"]

1.d4 Nf6 2.Bg5 Ne4 3.Bf4 c5 4.f3 Qa5+ 5.c3 Nf6 6.d5 Qb6 7.Bc1 e6 8.e4 exd5
9.exd5 c4 10.Bxc4 Bc5 11.Qe2+ Kd8 12.Kf1 Re8 13.Qd3 Bxg1 14.Rxg1 Re1+ 15.Kxe1 Qxg1+
16.Qf1 Qxh2 17.Be3 d6 18.Na3 Nbd7 19.Rd1 Ne5 20.Be2 g6 21.Qg1 Qxg1+ 22.Bxg1 Nfd7
23.Bf1  1/2-1/2

[Event "6th LGA Premium Cup"]
[Site "Nuernberg GER"]
[Date "2009.09.04"]
[Round "3"]
[White "Suess,H"]
[Black "Sobolevsky,L"]
[Result "0-1"]
[WhiteElo "2009"]
[BlackElo "2289"]

1.d4 Nf6 2.Bg5 Ne4 3.Bf4 d5 4.e3 c5 5.Bd3 Qb6 6.Bxe4 dxe4 7.Nc3 e6 8.Na4 Qa5+
9.c3 cxd4 10.exd4 Bd7 11.Nc5 Bxc5 12.dxc5 Qxc5 13.Qg4 O-O 14.Rd1 e5 15.Rxd7 exf4
16.Rxb7 Qd5 17.Rb3 Nc6 18.Nh3 Ne5 19.Qd1 Nd3+ 20.Kf1 Rfe8 21.Ng1 Qc4 22.Qe2 Rad8
23.Rb4 Qxa2  0-1

[Event "ch-RUS HL"]
[Site "Ulan Ude RUS"]
[Date "2009.09.09"]
[Round "7"]
[White "Yudin,S"]
[Black "Nikolenko,O"]
[Result "1/2-1/2"]
[WhiteElo "2599"]
[BlackElo "2533"]

1.d4 Nf6 2.Bg5 Ne4 3.Bf4 c5 4.f3 Qa5+ 5.c3 Nf6 6.d5 Qb6 7.Bc1 e6 8.e4 exd5
9.exd5 Be7 10.c4 d6 11.Nc3 Bf5 12.Nge2 Na6 13.Ng3 Bg6 14.f4 h5 15.Bd3 Bxd3
16.Qxd3 O-O-O 17.O-O Rde8 18.b3 h4 19.Nf5 h3 20.g3 Nb4 21.Qd2 Bf8 22.Bb2 g6
23.Na4 Qd8 24.Qc3 gxf5 25.Qxf6 Qxf6 26.Bxf6 Rg8 27.Rf2 Bh6 28.Kf1 Re3 29.Re2 Rf3+
30.Rf2 Re3 31.Re2 Rf3+ 32.Rf2 Re3 33.Re2  1/2-1/2

[Event "II Open"]
[Site "Sabadell ESP"]
[Date "2009.09.10"]
[Round "9"]
[White "Douriet Duany,A"]
[Black "Cruz,F"]
[Result "0-1"]
[WhiteElo "2306"]
[BlackElo "2404"]

1.d4 Nf6 2.Bg5 Ne4 3.Bf4 d5 4.Nd2 Nxd2 5.Qxd2 c5 6.dxc5 Nc6 7.O-O-O e5 8.Bg3 Be6
9.Nf3 f6 10.e3 Bxc5 11.Bb5 O-O 12.Ba4 Qe7 13.Bb3 Rfd8 14.Qe2 Na5 15.Nd2 Rac8
16.Kb1 Bb6 17.e4 Nxb3 18.axb3 dxe4 19.Qxe4 Rd4 20.Qe2 Bf5 21.Rc1 Qb4 22.Rhd1 Rcd8
23.Nf3 Qxb3 24.Nxd4 Bxd4 25.Rxd4 Rxd4 26.Qh5 Qe6 27.Qf3 Be4 28.Qa3 Qc6 29.Qe7 h6
30.f3 Bxc2+  0-1

[Event "4th Xtracon Skovbo"]
[Site "Borup DEN"]
[Date "2009.09.12"]
[Round "7"]
[White "Thomasson,S"]
[Black "Ivanov,MM"]
[Result "0-1"]
[WhiteElo "2015"]
[BlackElo "2459"]

1.d4 Nf6 2.Bg5 Ne4 3.Bf4 c5 4.f3 Nf6 5.dxc5 b6 6.Nc3 bxc5 7.e4 Nc6 8.Bc4 g6
9.Nge2 Bg7 10.Qd2 O-O 11.g4 d6 12.Bh6 Ne5 13.Qf4 Nxc4 14.h4 e5 15.Qc1 Bxh6
16.Qxh6 Kh8 17.h5 Ng8 18.Qc1 Qf6 19.f4 exf4 20.Nd5 Qxb2 21.Qxb2+ Nxb2 22.Nexf4 g5
23.Nh3 Bxg4 24.Nxg5 Rae8 25.Rb1 h6  0-1

[Event "TCh-FIN 2009-10"]
[Site "Finland FIN"]
[Date "2009.09.19"]
[Round "1"]
[White "Polaczek,R"]
[Black "Seeman,T"]
[Result "1/2-1/2"]
[WhiteElo "2381"]
[BlackElo "2421"]

1.d4 Nf6 2.Bg5 Ne4 3.Bf4 d6 4.Nd2 Nf6 5.e4 g6 6.e5 Nd5 7.Bg3 Bg7 8.Ngf3 O-O
9.Bc4 Nb6 10.Bb3 Nc6 11.O-O Na5 12.Qe2 Nxb3 13.axb3 dxe5 14.dxe5 Bf5 15.Ne4 Qd5
16.Nc3 Qc5 17.Rfd1 Rfd8 18.Rxd8+ Rxd8 19.Rd1 Rxd1+ 20.Qxd1 h6 21.Qd8+ Kh7
22.Qe8 Be6 23.Qb5 Qxb5 24.Nxb5 c6 25.Nxa7 g5 26.Nd4 Bd7 27.b4 Nc4 28.Nb3 b6
29.Nd4 Bxe5 30.Naxc6 Bxd4 31.Nxd4 Nxb2 32.b5 f6 33.Bc7 Nc4 34.Bd8 e5 35.Ne2 f5
36.Nc3 e4 37.Nd5 Bxb5 38.Nxb6 Nxb6 39.Bxb6 f4 40.h4 Kg6 41.hxg5 hxg5 42.g3 Kf5
43.gxf4 gxf4 44.Bc7  1/2-1/2

[Event "TCh-ROU Superliga"]
[Site "Eforie Nord ROU"]
[Date "2009.09.20"]
[Round "2"]
[White "Ignatescu,Ra"]
[Black "Iordachescu,V"]
[Result "0-1"]
[WhiteElo "2293"]
[BlackElo "2607"]

1.d4 Nf6 2.Bg5 Ne4 3.h4 h6 4.Bf4 d5 5.f3 Nf6 6.e4 e6 7.Nc3 Bb4 8.Bd3 c5 9.a3 Bxc3+
10.bxc3 Nc6 11.dxc5 e5 12.Be3 O-O 13.Ne2 dxe4 14.Bxe4 Nxe4 15.Qxd8 Rxd8 16.fxe4 Na5
17.Rb1 Nc4 18.Bc1 a5 19.Ng3 Ra6 20.Nf1 Bd7 21.Rxb7 Bc6 22.Rc7 Bxe4 23.Ne3 Nxe3
24.Bxe3 f5 25.O-O Rg6 26.Rf2 Rd1+ 27.Kh2 f4 28.Bd2 Rg4 29.Kh3 h5  0-1

[Event "18th TCh-CRO b"]
[Site "Sibenik CRO"]
[Date "2009.09.24"]
[Round "4"]
[White "Sedlak,N"]
[Black "Sax,G"]
[Result "1/2-1/2"]
[WhiteElo "2571"]
[BlackElo "2524"]

1.d4 Nf6 2.Bg5 Ne4 3.Bf4 d5 4.e3 e6 5.Bd3 Bd6 6.Bxe4 Bxf4 7.exf4 dxe4 8.Nc3 Nc6
9.Nge2 f5 10.Qd2 O-O 11.O-O-O Ne7 12.d5 exd5 13.Nxd5 Be6 14.Ne3 Nc6 15.Nd4 Nxd4
16.Qxd4 Qxd4 17.Rxd4 Rad8 18.Rhd1 Rxd4 19.Rxd4 Kf7 20.a3 Ke7 21.b4 Rc8 22.Kb2 c5
23.Rd1 b6 24.h3 Rd8 25.Rxd8 Kxd8 26.b5 Kc7 27.a4 Kb7 28.g4 g6 29.c4 a5 30.Kc3 Kc7
31.Kd2 Kd6 32.Ke2 Ke7 33.f3 exf3+ 34.Kxf3 Kf7 35.Ke2 Kg7 36.Kd3 h5 37.h4 Kf7
38.Nf1 Bc8 39.Nd2  1/2-1/2

[Event "TCh-ROU Superliga"]
[Site "Eforie Nord ROU"]
[Date "2009.09.26"]
[Round "8"]
[White "Danilov,V"]
[Black "Smarandoiu,A"]
[Result "1-0"]
[WhiteElo "2410"]
[BlackElo "2045"]

1.d4 Nf6 2.Bg5 Ne4 3.Bf4 c5 4.f3 Nf6 5.d5 e6 6.Nc3 d6 7.e4 e5 8.Be3 Be7 9.Bb5+ Bd7
10.a4 O-O 11.Nge2 a6 12.Bxd7 Nbxd7 13.Ng3 Re8 14.O-O Bf8 15.a5 b5 16.axb6 Qxb6
17.Ra2 Ra7 18.Qe2 Nb8 19.Rfa1 Rb7 20.b3 Qc7 21.Na4 Nfd7 22.Nb2 Nb6 23.c4 N6d7
24.Qc2 g6 25.Nd3 Bg7 26.Rb1 Rc8 27.Qd2 Qd8 28.b4 Qc7 29.Rab2 cxb4 30.Rxb4 Rxb4
31.Qxb4 Bf8 32.Rc1 Nc5 33.Nxc5 dxc5 34.Qa4 Qb7 35.Ne2 Bd6 36.Nc3 Qb2 37.Qa1 Qb4
38.Qa2 Kg7 39.Bd2 Qb7 40.Rb1 Qc7 41.Rb3 Qe7 42.Rb6 Kg8 43.Qb1 Qf8 44.Rb7 Rd8
45.Qb6 Re8 46.Be3 Re7 47.Na4 Rxb7 48.Qxb7 Qe7 49.Qxe7 Bxe7 50.Bxc5 Bxc5+
51.Nxc5 Kf8 52.Nb7 Ke7 53.c5 Kd7 54.Kf2 Kc7 55.Na5 Nd7 56.d6+ Kc8 57.c6 Nb8
58.Ke3  1-0

[Event "18th TCh-CRO b"]
[Site "Sibenik CRO"]
[Date "2009.09.26"]
[Round "6"]
[White "Martinovic,Sa"]
[Black "Sax,G"]
[Result "1/2-1/2"]
[WhiteElo "2516"]
[BlackElo "2524"]

1.d4 Nf6 2.Bg5 Ne4 3.Bf4 d5 4.e3 e6 5.Bd3 Bd6 6.Ne2 Bxf4 7.Nxf4 Nf6 8.c4 dxc4
9.Bxc4 O-O 10.Nc3 Nc6 11.Nh5 Ne8 12.f4 Nd6 13.Bd3 g6 14.Ng3 Nf5 15.Qf3 Nb4
16.Be4 Nd6 17.Bb1 Bd7 18.a3 Nd5 19.e4 Nxc3 20.bxc3 f5 21.Ba2 Nf7 22.O-O b5
23.Rfe1 c6 24.Re3 Kh8 25.Rae1 Nd6 26.Qe2 Re8 27.exf5 exf5 28.Rxe8+ Qxe8 29.Qe5+ Qxe5
30.dxe5 Nb7 31.Rd1 Rd8 32.Ne2 Be6 33.Rxd8+ Nxd8 34.Bxe6 Nxe6 35.Nd4 Nxf4  1/2-1/2

[Event "18th TCh-CRO b"]
[Site "Sibenik CRO"]
[Date "2009.09.27"]
[Round "7"]
[White "Bosiocic,Mari"]
[Black "Rogulj,B"]
[Result "1-0"]
[WhiteElo "2571"]
[BlackElo "2453"]

1.d4 Nf6 2.Bg5 Ne4 3.Bf4 d5 4.e3 e6 5.Bd3 Bd6 6.Ne2 Nf6 7.Bg5 e5 8.dxe5 Bxe5
9.Nbc3 c6 10.Qd2 h6 11.Bh4 Nbd7 12.f4 Bxc3 13.Nxc3 Qa5 14.O-O-O Nc5 15.Be2 Be6
16.Bxf6 gxf6 17.Qd4 Ke7 18.f5 Bxf5 19.Rhf1 Ne6 20.Qh4 Bg6 21.Qxf6+ Kd7 22.Bg4 Rhe8
23.e4 Kc7 24.exd5 Nc5 25.d6+ Kb6 26.d7  1-0

[Event "1st Francophone Festival"]
[Site "Arvier ITA"]
[Date "2009.09.28"]
[Round "2"]
[White "Wirig,A"]
[Black "Labarthe,A"]
[Result "1-0"]
[WhiteElo "2491"]
[BlackElo "1871"]

1.d4 Nf6 2.Bg5 Ne4 3.Bf4 c5 4.f3 Nf6 5.dxc5 Qa5+ 6.Qd2 Qxc5 7.e4 Nc6 8.Nc3 a6
9.Na4 Qa7 10.Be3 Qb8 11.Nb6 e6 12.Bf4 e5 13.Be3 Be7 14.Bc4 O-O 15.Nxa8 Qxa8
16.a4 d6 17.Ne2 Be6 18.Bd5 Nd7 19.O-O Nd8 20.c4 Kh8 21.b4 f6 22.c5 dxc5 23.Bxe6  1-0

[Event "SPICE Cup A"]
[Site "Lubbuck USA"]
[Date "2009.09.28"]
[Round "9"]
[White "Andreikin,D"]
[Black "Kuzubov,Y"]
[Result "1/2-1/2"]
[WhiteElo "2648"]
[BlackElo "2635"]

1.d4 Nf6 2.Bg5 Ne4 3.Bf4 d5 4.f3 Nf6 5.Nc3 e6 6.e4 Be7 7.Qd2 a6 8.exd5 Nxd5
9.Nxd5 exd5 10.Bd3 Nc6 11.c3 Be6 12.Ne2 Bd6 13.O-O-O Qd7 14.g4 O-O-O 15.Ng3 g6
16.h4 Ne7 17.h5 g5 18.Bxd6 Qxd6 19.Rhg1 h6 20.Rde1  1/2-1/2

[Event "18th TCh-CRO b"]
[Site "Sibenik CRO"]
[Date "2009.09.28"]
[Round "8"]
[White "Miladinovic,I"]
[Black "Jusic,Z"]
[Result "1-0"]
[WhiteElo "2547"]
[BlackElo "2371"]

1.d4 Nf6 2.Bg5 Ne4 3.h4 c5 4.dxc5 Na6 5.Nd2 Nxg5 6.hxg5 g6 7.Nb3 Qc7 8.e3 Nxc5
9.Nxc5 Qxc5 10.Qd4 Qxd4 11.exd4 Bg7 12.O-O-O h6 13.Nf3 d6 14.Bb5+ Kf8 15.gxh6 Bxh6+
16.Kb1 Bg4 17.Be2 Bg7 18.Rxh8+ Bxh8 19.Ng1 Bd7 20.Bf3 Rb8 21.Ne2 e6 22.Nf4 b5
23.a3 a5 24.Ne2 b4 25.axb4 axb4 26.Nc1 Ba4 27.Nb3 Rc8 28.Be2 Ke7 29.d5 e5
30.Bd3 f5 31.f3 Kf6 32.Nd2 Rc5 33.Nc4 Bb5 34.Nb6 Be8 35.Rh1 Bg7 36.Rh4 f4
37.Rh1 Ra5 38.Re1 Bb5 39.Rd1 Bxd3 40.Rxd3 Ra6 41.Nc4 Kf5 42.Nd2 Bf8 43.Ne4 Be7
44.c4 bxc3 45.Rxc3 Ra7 46.Rc8 Ra5 47.Rc7 Rxd5 48.Rxe7 Rd1+ 49.Kc2 Rg1 50.Rf7+ Ke6
51.Rf6+ Ke7 52.Rxg6 d5 53.Nc3 e4 54.Nxd5+  1-0

[Event "USCL 2009"]
[Site "ICC INT"]
[Date "2009.10.05"]
[Round "6"]
[White "Rensch,D"]
[Black "Molner,M"]
[Result "1/2-1/2"]
[WhiteElo "2392"]
[BlackElo "2393"]

1.d4 Nf6 2.Bg5 Ne4 3.Bf4 c5 4.f3 Nf6 5.dxc5 b6 6.e4 bxc5 7.Nc3 Nc6 8.Nb5 d6
9.e5 a6 10.exf6 axb5 11.Qd2 Qb6 12.Ne2 Be6 13.Nc3 b4 14.fxe7 Bxe7 15.Nd5 Bxd5
16.Qxd5 O-O 17.Bd3 Ne5 18.Be4 Ra5 19.Qd2 Qa6 20.Bd5 Bf6 21.Qe2 Ng6 22.Qxa6 Rxa6
23.Bc4 Ra5 24.Bxd6 Bxb2 25.Rd1 Re8+ 26.Kf2 Bc3 27.f4 Nh4 28.Rd5 g6 29.Bd3 Nf5
30.Bxf5 gxf5 31.Rxf5 Bd4+ 32.Kf3 f6 33.Rd1 Ra3+ 34.Kg4 Re2 35.g3 Rc3 36.Rh5 Rcxc2
37.Rd5 Rxh2 38.Re1 Rhe2 39.Rxe2 Rxe2 40.Bxc5 Bxc5 41.Rxc5 Rxa2 42.Rb5  1/2-1/2

[Event "Panamericano U20"]
[Site "Montevideo URU"]
[Date "2009.10.07"]
[Round "2"]
[White "Tristan,L"]
[Black "Pulvett,D"]
[Result "1-0"]
[WhiteElo "2412"]
[BlackElo "2237"]

1.d4 Nf6 2.Bg5 Ne4 3.Bf4 c5 4.f3 Nf6 5.dxc5 Qa5+ 6.Nc3 Nc6 7.e4 e5 8.Be3 Bxc5
9.Bxc5 Qxc5 10.Qd2 O-O 11.O-O-O d5 12.exd5 Rd8 13.Ne4 Qe7 14.Bc4 Be6 15.Nxf6+ Qxf6
16.Ne2 Ne7 17.Nc3 b5 18.Bb3 a5 19.Qe2 Bf5 20.Qxb5 a4 21.Nxa4 Rdb8 22.Qe2 e4
23.fxe4 Rxa4 24.exf5 Nxf5 25.Rhe1 h5 26.Qe5 Qg5+ 27.Kb1 Rba8 28.d6 g6 29.d7  1-0

[Event "Panamericano U20"]
[Site "Montevideo URU"]
[Date "2009.10.07"]
[Round "3"]
[White "Meza,Hu"]
[Black "Carbone,D"]
[Result "1-0"]
[WhiteElo "2276"]
[BlackElo "1912"]

1.d4 Nf6 2.Bg5 Ne4 3.Bf4 c5 4.f3 Qa5+ 5.c3 Nf6 6.Nd2 cxd4 7.Nb3 Qb6 8.Qxd4 Nc6
9.Qxb6 axb6 10.Be3 b5 11.a3 d5 12.Bf2 Na5 13.Nxa5 Rxa5 14.e4 dxe4 15.fxe4 Nxe4
16.Bb6 Ra8 17.Bxb5+ Bd7 18.Bxd7+ Kxd7 19.O-O-O+ Kc6 20.Be3 e5 21.Ne2 Be7
22.Kc2 f5 23.Rhf1 Rhf8 24.c4 Rad8 25.Rxd8 Bxd8 26.b4 g5 27.Kd3 Nd6 28.c5 e4+
29.Kc3 Nb5+ 30.Kb3 f4 31.a4 Nc7 32.Rd1 Be7 33.b5+ Nxb5 34.axb5+ Kxb5 35.Nd4+  1-0

[Event "Panamericano U20"]
[Site "Montevideo URU"]
[Date "2009.10.08"]
[Round "4"]
[White "Garcia Guerrero,I"]
[Black "Garcia Cardenas,P"]
[Result "1-0"]
[WhiteElo "2156"]
[BlackElo "2312"]

1.d4 Nf6 2.Bg5 Ne4 3.Bf4 c5 4.f3 Nf6 5.dxc5 b6 6.cxb6 Qxb6 7.e4 Nc6 8.Nd2 d5
9.exd5 Nxd5 10.Nc4 Qc5 11.Bg3 Ba6 12.Bf2 Qb4+ 13.c3 Nxc3 14.bxc3 Qxc3+ 15.Nd2 Bxf1
16.Rc1 Qd3 17.Nxf1 Qxd1+ 18.Rxd1 e6 19.Nd2 Nb4 20.Nh3 Nxa2 21.Ra1 Nb4 22.Rxa7 Rxa7
23.Bxa7 Be7 24.Ke2 g5 25.Rc1 Kd7 26.Bc5 Na2 27.Rc2 Rc8 28.Rxa2 Rxc5 29.Ne4 Re5
30.Nf2 f5 31.Nd3 Rb5 32.Nd2 e5 33.g4 e4 34.fxe4 fxg4 35.Nc4 h5 36.Nce5+ Kc8
37.Ra8+ Kb7 38.Rh8 Bd6 39.Rxh5  1-0

[Event "Panamericano U20"]
[Site "Montevideo URU"]
[Date "2009.10.11"]
[Round "8"]
[White "Ibarra Chami,L"]
[Black "Garcia Cardenas,P"]
[Result "1-0"]
[WhiteElo "2393"]
[BlackElo "2312"]

1.d4 Nf6 2.Bg5 Ne4 3.Bf4 c5 4.f3 Nf6 5.dxc5 Qa5+ 6.Qd2 Qxc5 7.e4 a6 8.Nc3 d6
9.O-O-O Nbd7 10.g4 g6 11.Kb1 b5 12.g5 Nh5 13.Be3 Qb4 14.Bd4 Bg7 15.Bxg7 Nxg7
16.Nge2 Ne6 17.Nc1 Bb7 18.h4 Ne5 19.f4 Nc4 20.Bxc4 Qxc4 21.Rhe1 Rc8 22.Nb3 O-O
23.f5 Ng7 24.f6 exf6 25.gxf6 Nh5 26.Na5 Qc7 27.Nxb7 Qxb7 28.Qxd6 Qc6 29.e5 Rfe8
30.Qd2 Rc7 31.Nd5 Rd7 32.Ne7+ Rexe7 33.fxe7 Rxd2 34.Rxd2 f5 35.Rd8+ Kf7 36.e8=Q+ Qxe8
37.Rxe8 Kxe8 38.Kc1 f4 39.Kd2 Ng3 40.e6 Ke7 41.b4 h6 42.Re5 g5 43.hxg5 hxg5
44.Ke1 g4 45.Rg5 Kxe6 46.Rxg4 Kf5 47.Rg8 Ke4 48.Rg6 Kf3 49.Rf6 Ne4 50.Rxa6 Kg2
51.Rg6+ Ng3 52.Kd2 f3 53.Kd3 f2 54.Rf6 f1=Q+ 55.Rxf1 Nxf1 56.c4 bxc4+ 57.Kxc4 Kf3
58.b5 Nd2+ 59.Kd5 Ne4 60.b6 Nc3+ 61.Kc6 Nxa2 62.b7 Nb4+ 63.Kb5 Nd5 64.b8=Q Nc3+
65.Kc4 Ne4 66.Qe5 Nd2+ 67.Kd3  1-0

[Event "USCL 2009"]
[Site "ICC INT"]
[Date "2009.10.14"]
[Round "7"]
[White "Milat,M"]
[Black "Rodriguez,Er"]
[Result "0-1"]
[WhiteElo "2304"]
[BlackElo "2245"]

1.d4 Nf6 2.Bg5 Ne4 3.Bf4 c5 4.f3 Nf6 5.d5 Nh5 6.Bg5 h6 7.Bh4 Qb6 8.Nd2 Qxb2
9.e4 e6 10.Rb1 Qc3 11.Ne2 Qa5 12.g4 g5 13.Bf2 Nf4 14.Nxf4 gxf4 15.Rb5 Qd8
16.d6 b6 17.Qa1 Rg8 18.e5 Bg7 19.Ne4 Nc6 20.Nf6+ Bxf6 21.exf6 Ba6 22.h4 Bxb5
23.Bxb5 Nb4 24.Qe5 a6 25.Bd3 Nxd3+ 26.cxd3 Qc8 27.Qxf4 Qc6 28.Ke2 O-O-O 29.Be3 Qd5
30.Qe4 Rg6 31.g5 hxg5 32.Qxd5 exd5 33.hxg5 Re8 34.Kf2 Rgg8 35.Rh7 Ref8 36.f4 Kb7
37.f5 Kc6 38.Bf4 c4 39.Rg7 Rh8 40.Be5 Re8 41.d4 c3 42.Ke2 Rh2+ 43.Kd1 Rg2
44.g6 Rh8 45.Rh7 Rxh7 46.gxh7 Rg1+ 47.Kc2 Rh1  0-1

[Event "USCL 2009"]
[Site "ICC INT"]
[Date "2009.10.14"]
[Round "7"]
[White "Rensch,D"]
[Black "Naroditsky,D"]
[Result "1-0"]
[WhiteElo "2392"]
[BlackElo "2356"]

1.d4 Nf6 2.Bg5 Ne4 3.Bf4 c5 4.f3 Qa5+ 5.c3 Nf6 6.a3 cxd4 7.b4 Qb6 8.cxd4 Nc6
9.e3 Nd5 10.Ne2 Nxf4 11.Nxf4 e6 12.Nc3 d5 13.Be2 Bd6 14.Nd3 O-O 15.f4 a5
16.Na4 Qd8 17.b5 Ne7 18.O-O Nf5 19.Qd2 Be7 20.Ne5 Nd6 21.Bd3 f6 22.Nf3 Bd7
23.Nc5 b6 24.Nxd7 Qxd7 25.Qc2 Nf5 26.Bxf5 exf5 27.Rfc1 Rac8 28.Qb3 Qe6 29.Kf2 Rfe8
30.Rxc8 Rxc8 31.Ra2 Rc4 32.Nd2 a4 33.Qd3 Rc1 34.Rc2 Bxa3 35.Ra2 Bb4 36.Rxa4 Ba5
37.Ra2 Rc3 38.Qe2 g6 39.Nb1 Rc1 40.Qd3 Qe4 41.Qxe4 fxe4 42.Na3 Rc3 43.Ke2 Rb3
44.Kf2 Kf7 45.Ke2 Ke7 46.Kf2 Kd7 47.Ke2 Kc7 48.g4 Kb7 49.h4 Bb4 50.Nc2 Bd6
51.Ra1 Rxb5 52.g5 f5 53.Rh1 Rb2 54.Kd2 Bb4+ 55.Kc1 Bc3 56.h5 b5 57.hxg6 hxg6
58.Rh7+ Kb6 59.Rg7 b4 60.Rxg6+ Kb5 61.Rg8 b3 62.Rb8+ Ka6 63.Na1 Re2 64.Nxb3 Rxe3
65.Kc2 Rg3 66.Rd8 Bb4 67.Rxd5 Rg2+ 68.Kd1 Rg1+ 69.Ke2 Re1+ 70.Kf2 e3+ 71.Kf3 Bd2
72.Rxf5 Rf1+ 73.Ke2 Rf2+ 74.Kd3  1-0

[Event "Guernsey Open"]
[Site "Guernsey GCI"]
[Date "2009.10.19"]
[Round "2"]
[White "Collier,D"]
[Black "Luijendijk,Pieter"]
[Result "1-0"]
[WhiteElo "2125"]
[BlackElo "1572"]

1.d4 Nf6 2.Bg5 Ne4 3.Bf4 d5 4.e3 Bf5 5.g4 Bg6 6.h4 h5 7.g5 Nd6 8.Bd3 Bxd3
9.Qxd3 Nc6 10.Nc3 Nb4 11.Qe2 c6 12.a3 Na6 13.Nf3 Qb6 14.b3 O-O-O 15.O-O g6
16.Bxd6 exd6 17.b4 Nb8 18.b5 c5 19.Nxd5 Qa5 20.Nd2 Re8 21.Nc4 Qd8 22.Qf3 f5
23.dxc5 Re4 24.Ncb6+ axb6 25.Nxb6+ Qxb6 26.cxb6 Rg4+ 27.Kh2 Rxh4+ 28.Kg3 Rg4+
29.Kh3 Be7 30.Qd5 Bxg5 31.Qxd6 Rh4+ 32.Kg2 Rg4+ 33.Kf3 Rd8 34.Qc7+  1-0